Uluslararası ilişkilerde güvenlik/ (Record no. 14947)
[ view plain ]
| 000 -BAŞLIK | |
|---|---|
| Sabit Uzunlukta Kontrol Alanı | 00723nam a22002177a 4500 |
| 999 ## - SİSTEM KONTROL NUMARALARI (KOHA) | |
| Koha Biblionumber | 14947 |
| Koha Biblioitemnumber | 14947 |
| 003 - KONTROL NUMARASI IDENTIFIER | |
| Denetim Alanı | MIRAKIL |
| 005 - SON İŞLEM TARİHİ VE ZAMANI | |
| Denetim Alanı | 20220630124512.0 |
| 008 - SABİT-BOY VERİ ELEMANLARI - GENEL BİLGİLER | |
| Sabit Uzunlukta Kontrol Alanı | 220630b tu ||||| |||| 00| 0 tur d |
| 020 ## - ULUSLARARASI STANDART KİTAP NUMARASI | |
| Uluslararası Standart Kitap Numarası | 9786053995807 |
| 040 ## - KATALOGLAMA KAYNAK | |
| Orijinal Kataloglama Ajansı | TR-AnCHP |
| Metne Dönüştürmek Ajansı | TR-AnCHP |
| 041 ## - DİL KODU | |
| Metin / Ses Parça Veya Ayrı Başlığın Dil Kodu | tur |
| 082 ## - DEWEY ONLU SINIFLANDIRMA NUMARASI | |
| Sınıflandırma Numarası | 327 |
| Ürün Numarası | U48 2022 |
| 245 10 - BAŞLIK TABLOSU | |
| Başlık | Uluslararası ilişkilerde güvenlik/ |
| Sorumluluk Tablosu, Vb | derleyen: Başar Baysal. |
| 260 ## - YAYIN, DAĞITIM, VB | |
| Yayın, Dağıtım, Vb Yeri | İstanbul : |
| Yayıncı, Dağıtıcı, Vs Adı | İstanbul Bilgi Üniversitesi, |
| Yayın, Dağıtım, Vb Tarihi | 2022. |
| 300 ## - FİZİKSEL TANIM | |
| Kapsam | XVII, 417 s. ; |
| Boyutlar | 24 sm. |
| 490 0# - SERİSİ TABLOSU | |
| Seri Beyanı | İstanbul Bilgi Üniversitesi yayınları ; |
| -- | Siyaset bilimi ; |
| Hacim / Ardışık Tanımı | 691. |
| -- | 71 |
| 504 ## - KAYNAKÇA VB NOT | |
| Kaynakça Vb Notu | Kaynakça ve dizin vardır. |
| 650 #0 - KONU KATMA GİRİŞ - TOPİKAL DÖNEM | |
| 9 (RLIN) | 5349 |
| Topikal Süreli Veya Coğrafi Ad Giriş Elemanı | Uluslararası ilişkiler |
| Genel Alt Bölümü | Güvenlik |
| 700 ## - KATMA GİRİŞ - KİŞİSEL İSİM | |
| 9 (RLIN) | 7140 |
| Kişisel Ad | Baysal, Başar |
| Relator Terim | der. |
| 942 ## - EKLENDİ GİRİŞ ELEMANLARI (KOHA) | |
| Sınıflandırma Veya Raf Düzeni Kaynak | Dewey Decimal Classification |
| Koha Öğesi Türü | Books |
| Kalıcı Konum | Mevcut Konum | Edinme Tarihi | Toplam Check-Out'Lar | Tam Çağrı Numarası | Barkod | Tarih Son Görülme | İtibaren Geçerli Fiyatlar | Koha Öğesi Türü |
|---|---|---|---|---|---|---|---|---|
| CHP Kütüphanesi | CHP Kütüphanesi | 06/30/2022 | 327 U48 2022 | 020481 | 06/30/2022 | 06/30/2022 | Books |
